| 000 | 004230000a22001690004500 | ||
|---|---|---|---|
| 003 | MACL | ||
| 005 | 20160120123357.0 | ||
| 008 | 160120b xxu||||| |||| 00| 0 eng d | ||
| 040 |
_aMACL _cMACL |
||
| 041 | _aEnglish | ||
| 082 | _a153.93/AGR | ||
| 100 |
_aAgrawal, Chandresh _933546 |
||
| 245 | _aData Sufficiency | ||
| 260 |
_bBhawani Publications _aIndore |
||
| 650 |
_aPsychology _933558 |
||
| 942 |
_cBK _k153.932/AGR _2ddc |
||
| 999 |
_c32873 _d32873 |
||